Maillot de l'OM par saison - Statistiques

Statistiques générales
  • Ce quiz a été pris 24 fois
  • Le résultat moyen est 15 sur 17
Statistiques - réponses
Par images Réponse % Correct
2011/2012
100%
2015/2016
100%
2018/2019
100%
2022/2023
100%
2024/2025
100%
2025/2026
100%
2010/2011
96%
2009/2010
91%
2012/2013
91%
2023/2024
91%
2014/2015
87%
2016/2017
83%
2020/2021
83%
2021/2022
83%
2019/2020
78%
2013/2014
74%
2017/2018
74%
Aucun quiz correspondant
Distribution des résultats
% des personnes avec chaque résultat
Percentile par nombre de réponses
Votre historique - résultats
Vous n’avez pas pris ce quiz